000 00786cab a2200241 4500
001 ABS57115
008 090401t1997 xxu||||| |||| 00| 0 eng d
035 _a(Sirsi) u79333
041 _aeng
100 _aHartley, T.
245 _aProject management case study - The Vyne, Hampshire : repairs and reservcing
260 _c1997
350 _a0
490 _aRICS Building Conservation Journal
_v(16) June 1997, 10-11(2)
520 _aExamines the role of the project manager in historic building conservation taking as an example the work done at The Vyne, Hampshire.
650 _aHISTORIC BUILDINGS
650 _aLISTED BUILDINGS
650 _aNATIONAL TRUST
650 _aMANAGEMENT-PROJECT MANAGEMENT
690 _aCONSERVATION
942 _n0
948 _c01/07/1997
999 _c49859
_d49859